000 00657nam a2200229Ia 4500
003 GCL
008 140319s9999 xx 000 0 ara d
040 _aGCL /
_cGCL
082 0 4 _a658.1
_bس م
100 1 _aممدوح احمد لطفى
245 1 0 _aالمباراة الادارية /
_cممدوح احمد لطفى
700 1 _aسمير حسن شلبى
260 _a[S.N] :
_bالمكتبة الادارية ،
_c1993
300 _a118 ص
490 _a
650 0 4 _aالادارة
650 0 4 _aالادارة المحلية
650 0 4 _aالتسويق
650 0 4 _aالبيع
650 0 4 _aاختراق السوق
942 _2ddc
_cBK
999 _c57858
_d57858